000 00933nas a2200301 4500
001 BR9801665
003 BR-BrBNA
005 20231205100950.0
007 ta
008 230509b bl.|||p| |||| 00| 00por d
040 _aBR-BrBNA
_bpor
_cBiblioteca Nacional de Agricultura
041 _a(Pt)
072 _aL73; L70
100 1 _aSobestiansky, J.
100 1 _aMoraes, N.
100 1 _aMori, A.
100 1 _aPiffer, I.A.
245 1 _aCaracteristicas clinicas, diagnostico e controle de um surto de epidermite exsudativa associada a paraqueratose em suinos em crescimento
650 _aSUÍNO
650 _aEpidermite
650 _aControle Quimico
650 _aVeterinaria
650 _aAnalise de Laboratorio
650 _aDiagnostico
773 0 _tHora Veterinaria (Brazil)
_xISSN 0101-9163
_g(Mar-Apr 1998), v. 17(102) p. 23-26
_wBR9801665
909 _a202311
_bLúcia
_c55
_dLúcia Elande
942 _2AGRIS
_n0
_cANA
999 _c159061
_d159061